Čistenie vulkalizačných foriem a jeho vplyv na finálnu kvalitu výrobku
Guardado en:
| Autor principal: | |
|---|---|
| Otros Autores: | |
| Formato: | Manuscrito Libro |
| Lenguaje: | eslovaco |
| Publicado: |
Bratislava :
STU v Bratislave SjF,
2012
|
| Materias: | |
| Acceso en línea: | VAIS |
| Etiquetas: |
Sin Etiquetas, Sea el primero en etiquetar este registro!
|
MARC
| LEADER | 00000ntm a22000003a 4500 | ||
|---|---|---|---|
| 001 | stu263800 | ||
| 005 | 20150617230223.3 | ||
| 008 | 130312s2012----xo------------------slo-d | ||
| 040 | |a STU |b slo | ||
| 041 | 0 | |a slo | |
| 044 | |a xo | ||
| 100 | 1 | |a Karcolová, Daniela, |d 1986- |4 aut |u J |T SjF Strojnícka fakulta |X 44920 |U J |Y 20 |7 A000044920 | |
| 242 | 0 | 0 | |a Cleaning vulcanizing molds and its impact on final product quality |y eng |
| 245 | 1 | |a Čistenie vulkalizačných foriem a jeho vplyv na finálnu kvalitu výrobku | |
| 260 | |a Bratislava : |b STU v Bratislave SjF, |c 2012 | ||
| 650 | 7 | |a kvalita produkcie v strojárskych podnikoch |2 stusub | |
| 650 | 7 | |a Quality of Production in Engineering Enterprises |2 estusub | |
| 650 | 7 | |a Paretova analýza |2 stusub | |
| 700 | 1 | |a Janiga, Ivan, |d 1948- |4 ths |u J0080 |U SjF Strojnícka fakulta |T SjF Ústav matematiky a fyziky |X 2395 |U J0080 |Y 808 |7 A000002395 | |
| 856 | 4 | |a info a plný text |u http://is.stuba.sk/zp/portal_zp.pl?podrobnosti=85316 |3 VAIS | |